| 000 | 01716ncm0a2200409 4500 | ||
|---|---|---|---|
| 001 | RU\NLR\ONIZ\212417 | ||
| 005 | 20250624195734.0 | ||
| 035 | _aRU\NLR\ONIZ\Таня\5000002661\20150728151423 | ||
| 035 | _a(NLR Aleph) 010891943 | ||
| 071 | 2 | 0 | _aс 3484 к |
| 090 |
_a10558951 _c10558951 |
||
| 100 | _a20150728d2003 |||y0rusy50 ca | ||
| 101 | 0 |
_aeng _arus |
|
| 102 | _aRU | ||
| 125 | _azx | ||
| 128 | _atng | ||
| 145 | 0 | _ab | |
| 200 | 1 |
_aВ ритме танго _bНоты _eпьесы _eдля скрипки и фортепиано _fА. Пьяццолла _gперелож. С. Нестеровой |
|
| 208 | _a[Клавир и партия] | ||
| 210 |
_aСанкт-Петербург _cКомпозитор-Санкт-Петербург _dcop. 2003 |
||
| 215 |
_a28 с., 1парт. (11 с.) _d30 см |
||
| 300 | _aПарал. рус., англ. | ||
| 300 | _aКрат. биогр. справки: с. 2 обл. | ||
| 327 | 1 | _a1. Rio Sena; 2. Chau Paris; 3. Plus ultra; 4. Marron y azul (каштановое и голубое); 5. La calle 92; 6. Bando; 7. Adios Nonino | |
| 686 |
_aЩ955.4-42-095-085(7Ар)я44 _vLBC/SL _2rubbk |
||
| 700 | 1 |
_9z01790 _aПьяццолла _bА. _f1921-1992 _gАстор _4230 _7ca |
|
| 702 | 1 |
_9z03790 _aНестерова _bС. В. _f1976- _gСветлана Владимировна _4030 _7ca |
|
| 790 | 1 |
_9z01700 _aPiazzolla _bA. _f1921-1992 _gAstor _4230 _7ba |
|
| 790 | 1 |
_9z03702 _aNesterova _bS. V. _cpiano _f1976 _gSvetlana Vladimirovna _4030 _7ba |
|
| 801 | 0 |
_aRU _bNLR _c20150728 _gPSBO |
|
| 801 | 1 |
_aRU _bNLR _c20150728 _2rusmarc |
|
| 801 | 2 |
_aRU _bNLR _c20191021 |
|
| 852 |
_aNLR _bМ _jК-3/26274 _p278643 _t1 |
||
| 942 | _cSCORE | ||
| 980 | _aNB | ||
| 980 | _aONIZ | ||